000 00543nam a2200229 a 4500
001 nice12345678
003 IN_TiNIC
005 20260116012333.0
008 050524s1914 laha grp 000 0 urd
020 _a
_c100
082 0 0 _a297.4
_bCHA
100 _aChananudin,
245 _aHasht Bihisht
260 _aLahore
_bAllah Waaley Ki Qawmi Dukaan
_c1914
500 _aincludes index and biblioraphy
505 2 _aIndex
650 _aSufism-Malfoozat
700 1 _aChananudin,
902 _bSRS
942 _cBK
999 _c6615
_d6615